000 00432 a2200169 4500
001 190112
020 _a978-85-7526-400-3
040 _cMagnum
100 _aNacarato, Adair Mendes
240 1 0 _aA matemática nos anos iniciais do ensino fundamental
_lpor
245 1 0 _aA matemática nos anos iniciais do ensino fundamental
300 _a158
362 0 _a2011
440 1 _aAutêntica
697 _aMATEMÁTICA
942 _cBK
999 _c190112
_d190112